The rainbow suite (Record no. 83859)

MARC details
000 -LEADER
fixed length control field 00757cab a22001935a 4500
001 - CONTROL NUMBER
control field L155354
008 - FIXED-LENGTH DATA ELEMENTS--GENERAL INFORMATION
fixed length control field 120319s2012 xxka f 000 0 eng d
035 ## - SYSTEM CONTROL NUMBER
System control number (Sirsi) u155354
041 0# - LANGUAGE CODE
Language code of text/sound track or separate title eng
100 1# - MAIN ENTRY--PERSONAL NAME
Personal name Battrick, Paul
245 04 - TITLE STATEMENT
Title The rainbow suite
Remainder of title the 1999 FIDIC contracts, part 6
-- a risk too far for the EPC contractor
260 ## - PUBLICATION, DISTRIBUTION, ETC.
Date of publication, distribution, etc. 2012
490 ## - SERIES STATEMENT
Series statement Civil Engineering Surveyor
Volume/sequential designation March 2012, 19-21(3)
520 ## - SUMMARY, ETC.
Summary, etc. Looks at the allocation of risks between the Yellow and Silver books of the FIDIC 1999 suite of contracts and asks whether the risks are a step too far for a traditional engineering, procurement and construction (EPC) contract.
651 #4 - SUBJECT ADDED ENTRY--GEOGRAPHIC NAME
Geographic name International
690 ## - LOCAL SUBJECT ADDED ENTRY--TOPICAL TERM (OCLC, RLIN)
Topical term or geographic name as entry element Contracts
9 (RLIN) 6232
700 1# - ADDED ENTRY--PERSONAL NAME
Personal name Duggan, Phil
942 ## - ADDED ENTRY ELEMENTS (KOHA)
Suppress in OPAC 0
Holdings
Withdrawn status Lost status Source of classification or shelving scheme Damaged status Not for loan Home library Current library Shelving location Date acquired Total Checkouts Full call number Barcode Date last seen Copy number Price effective from Koha item type
    Dewey Decimal Classification     Virtual Virtual Journal article 19/03/2012   L155354 155354-2001 06/08/2019 1 06/08/2019 Journal article